00463nam a2200193 a 4500001001300000003000900013005001700022008004100039020001000080082001600090100001900106245002100125260002800146300000900174500003500183650001600218650001600234700001900250nice12345678IN_TiNIC20260116014622.0070828s2000 lona grp 000 0 eng  ac19500a297.4bHAR1 aHarvey, Andrew aTeaching of Rumi aLondonbShambhalac2000 a172p aincludes index and biblioraphy aSufism-Rumi aRumi-Poetry1 aHarvey, Andrew